al-Batrūl al-ʻArabī. (Record no. 46541)

MARC details
000 -LEADER
fixed length control field 00583cam a22002291 4500
001 - CONTROL NUMBER
control field ne 63002663
003 - CONTROL NUMBER IDENTIFIER
control field DLC
005 - DATE AND TIME OF LATEST TRANSACTION
control field 20260227111753.0
008 - FIXED-LENGTH DATA ELEMENTS--GENERAL INFORMATION
fixed length control field 880829s1963 xx 000 0 arar
010 ## - LIBRARY OF CONGRESS CONTROL NUMBER
LC control number ne 63002663
035 ## - SYSTEM CONTROL NUMBER
System control number (OCoLC)23517578
040 ## - CATALOGING SOURCE
Original cataloging agency DLC
Transcribing agency MiU
Modifying agency DLC
042 ## - AUTHENTICATION CODE
Authentication code premarc
043 ## - GEOGRAPHIC AREA CODE
Geographic area code aw-----
050 00 - LIBRARY OF CONGRESS CALL NUMBER
Classification number HD9576.N36
Item number M8
100 1# - MAIN ENTRY--PERSONAL NAME
Personal name Muʻtaṣim billāh, Aḥmad.
245 13 - TITLE STATEMENT
Title al-Batrūl al-ʻArabī.
260 ## - PUBLICATION, DISTRIBUTION, ETC.
Place of publication, distribution, etc. [n. p.]
Date of publication, distribution, etc. [1963.]
300 ## - PHYSICAL DESCRIPTION
Extent 151 p.
Dimensions 20 cm.
500 ## - GENERAL NOTE
General note Romanized.
650 #0 - SUBJECT ADDED ENTRY--TOPICAL TERM
Topical term or geographic name entry element Petroleum industry and trade
Geographic subdivision Middle East

No items available.

Powered by Koha